|
|
|
|
| LEADER |
00000nam0a2200000 4500 |
| 001 |
274204 |
| 005 |
20231101234715.0 |
| 020 |
|
|
|a RU
|b 87-83992
|
| 035 |
|
|
|a (RuTPU)RU\TPU\book\297414
|
| 090 |
|
|
|a 274204
|
| 100 |
|
|
|a 20141031d1987 km y0rusy5003 ca
|
| 101 |
0 |
|
|a rus
|
| 102 |
|
|
|a RU
|
| 105 |
|
|
|a a z 001zy
|
| 200 |
1 |
|
|a Измерение расхода и количества газа и его учет
|f А. И. Гордюхин, Ю. А. Гордюхин
|
| 210 |
|
|
|a Ленинград
|c Недра
|d 1987
|
| 215 |
|
|
|a 214 с.
|c ил.
|
| 320 |
|
|
|a Библиогр.: с. 211
|
| 606 |
1 |
|
|a Газомеры больших расходов
|2 stltpush
|3 (RuTPU)RU\TPU\subj\5084
|9 33245
|
| 610 |
1 |
|
|a газ
|
| 610 |
1 |
|
|a учет
|
| 610 |
1 |
|
|a расходомеры
|
| 610 |
1 |
|
|a счетчики
|
| 610 |
1 |
|
|a применение
|
| 610 |
1 |
|
|a температура
|
| 610 |
1 |
|
|a состав
|
| 610 |
1 |
|
|a свойства
|
| 610 |
1 |
|
|a баланс
|
| 610 |
1 |
|
|a телеметрия
|
| 675 |
|
|
|a 622.691.4.05
|v 3
|
| 700 |
|
1 |
|a Гордюхин
|b А. И.
|g Александр Иванович
|
| 701 |
|
1 |
|a Гордюхин
|b Ю. А.
|g Юрий Александрович
|
| 801 |
|
0 |
|a RU
|b RuMRKP
|c 19950417
|g psbo
|
| 801 |
|
1 |
|a RU
|b 63413507
|c 20141031
|
| 801 |
|
2 |
|a RU
|b 63413507
|c 20170323
|g RCR
|
| 942 |
|
|
|c BK
|